00438nam a22001577a 450000500170000001000130001702000260003003500130005603700390006908200080010810000150011624500530013126000310018427000460021530000190026120180829134802.0 aB-477815 a9789381162323c275.00 aB-477815 aK.K.Pub/BL2032/23.5.12bRP/Shahdra a333 aDeepashree aMacroeconomics /cby Deepashree & Vanita Agarwal aNew DelhibAne Booksc2012 a4821 Parwana Bhawan Darya GanjbNew Delhi axvii,vpgc23cm